La Política financera de la Generalitat durant la guerra : 20 novembre 1936 - 30 abril 1937 / Generalitat de Catalunya. Departament de Finances 20 novembre 1936 - 30 abril 1937 / Generalitat de Catalunya. Departament de Finances
Descripción Física:
120 p. : amb gràf. ; 27 cm
MARC
| LEADER | 00000nam a2200000Ia 4500 | ||
|---|---|---|---|
| 001 | 8129 | ||
| 008 | 160829s1937?] xx 000 0 cat d | ||
| 080 | |a M-3-185 | ||
| 110 | 1 | |a Catalunya. |b Departament de Finances |9 52959 | |
| 245 | |a La Política financera de la Generalitat durant la guerra : |b 20 novembre 1936 - 30 abril 1937 / Generalitat de Catalunya. Departament de Finances | ||
| 260 | |a Barcelona : |b [el Departament, |c 1937?] | ||
| 300 | |a 120 p. : |b amb gràf. ; |c 27 cm | ||
| 590 | |a Aquesta obra és un resum de la que porta per títol: La política financera de la Generalitat durant la revolució i la guerra, vol. 2 | ||
| 650 | 0 | |a Finances públiques |z Catalunya |9 54043 |x Història | |
| 901 | |a Arxiu | ||
| 942 | |n 1 |2 udc | ||
| 952 | |0 0 |1 0 |4 0 |6 M3185 |7 1 |9 42572 |a Arxiu |b Arxiu |d 2016-12-01 |l 0 |o M-3-185 |p 8129 |r 2016-12-01 00:00:00 |w 2016-12-01 |y ARXIU | ||
| 999 | |c 45077 |d 45077 | ||